000 00259nam a22000977a 4500
100 _aWheeler,J.Talboys
_980128
245 _aThe Religious & Cultural History of INdia
260 _aSringar
_bZehra Publishing House
_c2018
650 _aHistroy
_980129
942 _cBK
999 _c63592
_d63592